000 00750nam a2200277Ia 4500
005 20260324122224.0
008 008 260324s9999 xx 000 0 eng d
020 _a9781315216539
037 _aEBOOK
040 _aCRL
040 _beng
040 _cCRL
041 _2eng
041 _aeng
084 _qCRL
100 _aGiovanni Spagnuolo; Nicola Femia; Giovanni Petrone; Massimo Vitelli
_91165605
245 0 _aPower Electronics and Control Techniques for Maximum Energy Harvesting in Photovoltaic Systems
260 _bTaylor and Francis
260 _c2013
365 _a
365 _b305
856 _uhttp://www.taylorfrancis.com/books/9781315216539
942 _cEBOOK
999 _c1758174
_d1758174